000 00209nam a22000857a 4500
008 160624b xxu||||| |||| 00| 0 eng d
100 _91059
_aFaulkner, W
245 _aFaulkner, W
260 _aN.Y
_bVintage Books
_c1956
999 _c847
_d847